Tube producing practice ...

Bibliographic Details
Corporate Author: American Institute of Mining, Metallurgical, and Petroleum Engineers. Institute of Metals Division
Format: Book
Language:English
Published: New York : The Institute, 1951.
Subjects:

MARC

Tag First Indicator Second Indicator Subfields
LEADER 00000cam a2200000 4500
001 in00000022635
005 20151007064057.0
008 800703s1951 nyu 00000 eng d
035 |a (OCoLC)06484693 
035 |9 AAD8991AM 
040 |a TXA  |c TXA  |d UtOrBLW 
049 |a TXAM  |c [379270] 
090 |a TS280  |b .A44 1951 
092 |a 671.83  |b A512t 
110 2 |a American Institute of Mining, Metallurgical, and Petroleum Engineers.  |b Institute of Metals Division. 
245 1 0 |a Tube producing practice ... 
264 1 |a New York :  |b The Institute,  |c 1951. 
300 |a 107 pages 
336 |a text  |b txt  |2 rdacontent 
337 |a unmediated  |b n  |2 rdamedia 
338 |a volume  |b nc  |2 rdacarrier 
650 0 |a Tubes. 
999 |a MARS 
999 f f |s 48ff0d86-8a8d-3994-a87b-b43334970eae  |i edf9b5d1-7569-37a0-854b-a7654712a8e9  |t 0 
952 f f |p ric  |a Texas A&M University  |b Rellis Campus  |c Joint Library Facility  |d Remote Storage  |t 0  |e TS280 .A44 1951  |h Library of Congress classification  |i unmediated -- volume  |m A14801129155 
998 f f |a TS280 .A44 1951  |t 0  |l Remote Storage